Desktop publishing (Бичлэгийн дугаар. 146110)
| 000 -УДИРДЛАГА | |
|---|---|
| Удирдлага | 00688nam a22002537a 4500 |
| 003 - ХЯНАЛТЫН ТОО ТОДОРХОЙЛОГЧ | |
| Код | MN-UlNUM |
| 005 - БИЧИЛТ ХИЙСЭН ОГНОО | |
| Тухайн бичилтийг бичсэн засварласан сүүлийн огноо | 20260107114155.0 |
| 008 - ЕРӨНХИЙ МЭДЭЭЛЭЛ | |
| Ерөнхий мэдээлэл | 260107c1998 caub|||| |||| 00| 0 eng c |
| 020 ## - ISBN | |
| ISBN | 0435453939 |
| 084 ## - ББК АНГИЛАЛ | |
| Нэмэлт тусгалт | Бусад |
| ББК ангилал | 32.973.202 |
| Зохиогчийн гурван тэмдэгт | Sh 46 |
| Мэдлэгийн ялгаа | 3 - Техник |
| 100 1# - ЗОХИОГЧ | |
| Зохиогчийн нэр | Sharon Spencer |
| 245 10 - ҮНДСЭН ГАРЧИГ | |
| Номын нэр | Desktop publishing |
| 260 ## - ГАРАЛТЫН МЭДЭЭ | |
| Хэвлэгдсэн газар | [Redwood City, CA] : |
| Хэвлэлийн газар | [User Publications], |
| Хэвлэгдсэн он | 1998. |
| 300 ## - МАТЕРИАЛЫН ТОДОРХОЙЛОЛТ | |
| хуудасны тоо | 150p.: |
| Хэмжээ | 28 cm |
| 500 ## - Тайлбар | |
| Дансны дугаар | БС 4833 |
| 546 ## - ХЭЛНИЙ ТУХАЙ МЭДЭЭ | |
| Хэл | Англи хэл дээр, |
| 653 ## - Түлхүүр үг | |
| Түлхүүр үг | desktop publishing |
| 653 ## - Түлхүүр үг | |
| Түлхүүр үг | periodicals |
| 740 ## - НОМЫН ГАРЧИГ | |
| Гарчиг | Introduction to Desktop publishing |
| 740 ## - НОМЫН ГАРЧИГ | |
| Гарчиг | Intermediate Desktop Publishing |
| 740 ## - НОМЫН ГАРЧИГ | |
| Гарчиг | Advanced Desktop publishing |
| 942 ## - ЭЛЕМЕНТИЙН ТӨРӨЛ | |
| Зүйлийн төрөл | Ном |
